Les ordres d'insectes - Statistiques

Statistiques générales
  • Ce quiz a été pris 50 fois
  • Le résultat moyen est 12 sur 29
Statistiques - réponses
Exemples Ordre % Correct
Papillons Lépidoptères
89%
Scarabées, lucioles, bousiers Coléoptères
86%
Mouches, moustiques, tipules Diptères
84%
Abeilles, Guêpes, Fourmis Hyménoptère
84%
Libellules, demoiselles Odonates
78%
Cigales, Punaises Hémiptères
70%
Grillons, criquets, sauterelles Orthoptères
65%
Éphémères Éphéméroptères
62%
Mantes Mantoptères
59%
Phasmes, phyllies Phasmoptères
51%
Cafards, termites Blattoptères
49%
Forficules (perce-oreilles) Dermaptères
49%
Chrysopes, mantispes Neuroptères / Névroptères
41%
Psoques Psocoptères
35%
Panorpes (mouches-scorpions) Mécoptères
30%
Perles Plécoptères
30%
Puces Siphonaptères
24%
Machilides Archéognathes
22%
Corydales Mégaloptères
22%
Phryganes Trichoptères
22%
« Webspinners » Embioptères
16%
Gladiateurs Mantophasmatoptères
16%
Poux Phthiraptères
16%
« Snakeflies » Raphidioptères
16%
Thrips Thysanoptères
16%
« Angel insects » Zoraptères
16%
« Icebugs / Icecrawlers » Grylloblattoptères
14%
« Stylops / Twisted-winged insects » Strepsiptères
14%
Lépismes Thysanoures
14%
Aucun quiz correspondant
Distribution des résultats
% des personnes avec chaque résultat
Percentile par nombre de réponses
Votre historique - résultats
Vous n’avez pas pris ce quiz